[Event "Online Olym Top DivB 2021"]
[Site "chess.com INT"]
[Date "2021.09.10"]
[Round "9.4"]
[Board "6"]
[White "Balajayeva, Khanim"]
[Black "Sumarriva Paulin, Laura"]
[Result "1-0"]
[WhiteTitle "WGM"]
[BlackTitle "WFM"]
[WhiteElo "2369"]
[BlackElo "1974"]
[WhiteTeam "Azerbaijan"]
[BlackTeam "France"]
[WhiteFideId "13406396"]
[BlackFideId "45102635"]
[EventDate "2021.09.08"]
[EventType "team"]

1. e4 e6 2. d4 d5 3. Nc3 Nf6 4. Bg5 Be7 5. e5 Nfd7 6. Bxe7 Qxe7 7. f4 O-O 8. Nf3
c5 9. Qd2 Nc6 10. dxc5 Nxc5 11. Qe3 a6 12. a3 f6 13. exf6 Rxf6 14. b4 Nd7 15.
Bd3 Qd6 16. Ne2 e5 17. fxe5 Ndxe5 18. O-O Ng4 19. Qe8+ Rf8 20. Qh5 h6 21. Nfd4
Nxd4 22. Nxd4 Bd7 23. Rae1 a5 24. Be2 Ne3 25. Rxf8+ Rxf8 26. Bf3 Re8 27. c3 Kh8
28. Kf2 Qf4 29. g3 Ng4+ 30. Kg2 Rxe1 31. gxf4 Ne3+ 32. Kf2 1-0

[Event "Online Olym Top DivB 2021"]
[Site "chess.com INT"]
[Date "2021.09.10"]
[Round "9.5"]
[Board "1"]
[White "Grandelius, Nils"]
[Black "Zeng, Chongsheng"]
[Result "0-1"]
[WhiteTitle "GM"]
[BlackTitle "GM"]
[WhiteElo "2666"]
[BlackElo "2597"]
[WhiteTeam "Sweden"]
[BlackTeam "Shenzhen China"]
[WhiteFideId "1710400"]
[BlackFideId "8603847"]
[EventDate "2021.09.08"]
[EventType "team"]

1. e4 c5 2. Nf3 Nc6 3. Bb5 Nf6 4. Nc3 g6 5. e5 Ng4 6. Bxc6 dxc6 7. h3 Nh6 8. d3
Nf5 9. Bf4 Bg7 10. O-O O-O 11. Ne4 b6 12. Re1 Nd4 13. c3 Ne6 14. Bg3 Ba6 15. c4
Bc8 16. Qd2 Nd4 17. Nxd4 Qxd4 18. Nd6 f5 19. exf6 Bxf6 20. Nxc8 Raxc8 21. Re2 b5
22. Rc1 Rfd8 23. b3 Qxd3 24. Qe1 Kf7 25. Be5 Rd7 26. Kh2 b4 27. Bxf6 exf6 28.
Rcc2 Rcd8 29. Re6 Qxc2 0-1

[Event "Online Olym Top DivB 2021"]
[Site "chess.com INT"]
[Date "2021.09.10"]
[Round "9.5"]
[Board "2"]
[White "Yu, Ruiyuan"]
[Black "Hellers, Ferdinand"]
[Result "1/2-1/2"]
[WhiteTitle "GM"]
[BlackTitle "GM"]
[WhiteElo "2497"]
[BlackElo "2592"]
[WhiteTeam "Shenzhen China"]
[BlackTeam "Sweden"]
[WhiteFideId "8603090"]
[BlackFideId "1700022"]
[EventDate "2021.09.08"]
[EventType "team"]

1. e4 e6 2. d4 d5 3. Nd2 c5 4. exd5 Qxd5 5. dxc5 Nf6 6. Ngf3 Qxc5 7. Bd3 Nbd7 8.
O-O Qc7 9. Re1 Be7 10. Ne4 O-O 11. Nxf6+ Nxf6 12. Ne5 Bd6 13. Bf4 Nd5 14. Bg3
Nb4 15. Bxh7+ Kxh7 16. Ng6 fxg6 17. Bxd6 Qf7 18. Bxb4 Qxf2+ 19. Kh1 Rf7 20. Qd3
Qf5 21. Qe2 Qh5 22. Qc4 b5 23. Qc5 Bb7 24. Qxh5+ gxh5 25. Kg1 Bd5 26. a3 Rc8 27.
Re2 Rc4 28. Bd6 Re4 29. Rxe4 Bxe4 30. c3 Rd7 31. Rd1 e5 32. g3 Kg6 33. Kf2 Kf5
34. Ke3 Bc6 35. Rf1+ Ke6 36. Bc5 a6 37. Rf8 Rd1 38. Rc8 Bd5 39. Rd8 e4 40. Rd6+
Kf5 41. b3 Rd3+ 42. Ke2 Bxb3 43. Rxd3 Bc4 44. h4 Kg4 45. Bd6 exd3+ 46. Ke3 Kf5
47. Bf8 g5 48. hxg5 Kxg5 49. Bd6 Kf5 50. Bf8 Ke6 51. Bb4 Kd5 52. Ba5 Kc6 53. Bd8
Kd5 54. Bc7 Ke6 55. Bd8 Kf5 56. Bc7 Kg4 57. Bd6 a5 58. Bc7 a4 59. Kd2 Kf3 60.
Bd6 Ke4 61. Bc7 Bb3 62. Bb8 Bc2 63. Bd6 Kd5 64. Bb4 Kc4 1/2-1/2

[Event "Online Olym Top DivB 2021"]
[Site "chess.com INT"]
[Date "2021.09.10"]
[Round "9.5"]
[Board "3"]
[White "Cramling, Pia"]
[Black "Zhao, Xue"]
[Result "1/2-1/2"]
[WhiteTitle "GM"]
[BlackTitle "GM"]
[WhiteElo "2455"]
[BlackElo "2486"]
[WhiteTeam "Sweden"]
[BlackTeam "Shenzhen China"]
[WhiteFideId "1700030"]
[BlackFideId "8601283"]
[EventDate "2021.09.08"]
[EventType "team"]

1. Nf3 d5 2. d4 Nf6 3. c4 e6 4. Nc3 a6 5. cxd5 exd5 6. Bg5 Be7 7. e3 Nbd7 8. h3
Nf8 9. Bd3 Ne6 10. Bh4 O-O 11. O-O g6 12. Rb1 Ng7 13. b4 c6 14. a4 Bf5 15. b5
axb5 16. axb5 Ra3 17. Bxf5 Nxf5 18. Bxf6 Bxf6 19. Qc1 Qa5 20. Ne2 Rc8 21. Nf4
Nd6 22. bxc6 bxc6 23. Qd2 Qa6 24. Qb4 Nc4 25. Qb7 Qxb7 26. Rxb7 Bd8 27. Rfb1 Bc7
28. g3 Nd6 29. R7b3 Rxb3 30. Rxb3 Nc4 31. Nd3 Bd6 32. Rb7 Rc7 33. Rb8+ Kg7 34.
Ra8 Rb7 35. Ra6 Rc7 36. Nfe1 Kf6 37. Nc2 Ke7 38. Ncb4 Kd7 39. Kg2 h5 40. h4 Rc8
41. Ra7+ Rc7 42. Ra6 Rc8 43. Ra7+ Rc7 44. Ra8 Ke7 45. Na6 Rb7 46. Nac5 Bxc5 47.
Nxc5 Rb2 48. Ra7+ Kf6 49. Kf3 Nd2+ 50. Kg2 Nc4 51. Kf3 Nd2+ 52. Kg2 Nc4 1/2-1/2

[Event "Online Olym Top DivB 2021"]
[Site "chess.com INT"]
[Date "2021.09.10"]
[Round "9.5"]
[Board "4"]
[White "Xu, Tong"]
[Black "Agrest, Inna"]
[Result "0-1"]
[WhiteTitle "WIM"]
[BlackTitle "WIM"]
[WhiteElo "2111"]
[BlackElo "2256"]
[WhiteTeam "Shenzhen China"]
[BlackTeam "Sweden"]
[WhiteFideId "8601739"]
[BlackFideId "1708830"]
[EventDate "2021.09.08"]
[EventType "team"]

1. e4 e5 2. Nf3 Nc6 3. Bb5 a6 4. Ba4 Nf6 5. O-O b5 6. Bb3 Bc5 7. Re1 d6 8. c3
O-O 9. h3 Bb7 10. d3 Bb6 11. Nbd2 Ne7 12. Nf1 Ng6 13. Ng3 c5 14. a4 Rc8 15. Bc2
d5 16. axb5 axb5 17. Bg5 h6 18. Bd2 dxe4 19. dxe4 Qc7 20. Be3 c4 21. Bxb6 Qxb6
22. Nf5 Rfd8 23. Qc1 Kh7 24. Qe3 Qxe3 25. Rxe3 Ra8 26. Rxa8 Bxa8 27. Re1 Bc6 28.
g3 Kg8 29. h4 Kf8 30. Kf1 Ra8 31. Bb1 Ra1 32. Nd2 Ne7 33. Nxe7 Kxe7 34. f3 Nd7
35. Ke2 Nc5 36. Bc2 Ra2 37. Rb1 g6 38. g4 Ne6 39. Ke3 Nf4 40. Kf2 h5 41. gxh5
Nxh5 42. Nf1 Bd7 43. Ne3 Be6 44. Ke2 Nf4+ 45. Kf2 f6 46. Ke1 Ra8 47. Kf2 Rh8 48.
Rh1 g5 49. Ng2 Nxg2 50. Kxg2 gxh4 51. Ra1 Rd8 52. Rd1 Ra8 53. Bb1 Rg8+ 54. Kh2
Rb8 55. Rg1 Kf7 56. Bc2 b4 57. Rg2 b3 58. Bd1 Rd8 59. Be2 Rd2 60. Bf1 Rc2 61.
Kg1 Rc1 62. Rf2 Bh3 63. f4 Bxf1 64. Rxf1 Rxf1+ 65. Kxf1 exf4 66. Kf2 Ke6 0-1

[Event "Online Olym Top DivB 2021"]
[Site "chess.com INT"]
[Date "2021.09.10"]
[Round "9.5"]
[Board "5"]
[White "Seo, Jung Min"]
[Black "Xue, Haowen"]
[Result "1/2-1/2"]
[WhiteTitle "IM"]
[WhiteElo "2469"]
[BlackElo "2128"]
[WhiteTeam "Sweden"]
[BlackTeam "Shenzhen China"]
[WhiteFideId "1734687"]
[BlackFideId "8625492"]
[EventDate "2021.09.08"]
[EventType "team"]

1. e4 c5 2. Nf3 Nc6 3. d4 cxd4 4. Nxd4 e6 5. Nc3 Qc7 6. Be3 Nf6 7. a3 a6 8. Qf3
b5 9. Nxc6 dxc6 10. Qg3 Qxg3 11. hxg3 Ng4 12. Bd2 Bc5 13. Nd1 e5 14. f3 Nf6 15.
g4 Be6 16. Be3 Nd7 17. g5 O-O-O 18. a4 Kc7 19. Be2 Bxe3 20. Nxe3 Nc5 21. axb5
axb5 22. b4 Na4 23. Rd1 Rxd1+ 24. Nxd1 Kd6 25. Kd2 Ke7 26. Bd3 f6 27. gxf6+ Kxf6
28. Nc3 Nxc3 29. Kxc3 h5 30. Ra1 h4 31. Ra6 Rc8 32. Kd2 Rc7 33. Ke3 Kg5 34. Bxb5
cxb5 35. Rxe6 Rxc2 36. Rxe5+ Kg6 37. Rxb5 Rxg2 38. Rb8 Rb2 39. Rh8 Kg5 40. Rh7
g6 41. f4+ Kg4 42. Rh6 Rb3+ 43. Kf2 Rxb4 44. Rxg6+ Kxf4 45. Rh6 Rb2+ 46. Kg1 Kg3
47. Rg6+ Kf4 48. Rh6 Ra2 49. e5 Re2 50. e6 Kg5 51. Rh8 Rxe6 52. Kg2 Re3 53. Rg8+
Kf5 54. Rf8+ Kg6 55. Rg8+ Kh5 56. Rh8+ Kg4 57. Rg8+ Kf4 58. Rf8+ Ke5 59. Re8+
Kd4 60. Rxe3 Kxe3 61. Kh3 Kd2 62. Kxh4 1/2-1/2

[Event "Online Olym Top DivB 2021"]
[Site "chess.com INT"]
[Date "2021.09.10"]
[Round "9.5"]
[Board "6"]
[White "Li, Xinyu"]
[Black "Zaritovskaja, Margarita"]
[Result "1-0"]
[WhiteTitle "WFM"]
[WhiteElo "2167"]
[BlackElo "2040"]
[WhiteTeam "Shenzhen China"]
[BlackTeam "Sweden"]
[WhiteFideId "8610401"]
[BlackFideId "14149249"]
[EventDate "2021.09.08"]
[EventType "team"]

1. d4 Nf6 2. Nf3 g6 3. Nbd2 Bg7 4. e4 d6 5. Bb5+ c6 6. Bd3 O-O 7. O-O Nbd7 8. a4
e5 9. dxe5 dxe5 10. Re1 Re8 11. Nc4 Qc7 12. Be3 b6 13. h3 Rb8 14. c3 a6 15. Ncd2
c5 16. Qe2 Qb7 17. b4 Bf8 18. Rab1 cxb4 19. cxb4 Nh5 20. Bc4 Ndf6 21. Ng5 Be6
22. Nxe6 fxe6 23. Bxa6 Qf7 24. Qf3 Be7 25. Nc4 Nd7 26. Qxf7+ Kxf7 27. Bb5 Nhf6
28. Bg5 Red8 29. f3 Kg7 30. Red1 h6 31. Bxf6+ Kxf6 32. Rxd7 Rxd7 33. Bxd7 Rd8
34. Nxb6 1-0